header

Manual of molecular and clinical laboratory immunology (Record no. 103290)

MARC details
000 -LEADER
fixed length control field 01669nam a22004214a 4500
082 04 - DEWEY DECIMAL CLASSIFICATION NUMBER
Classification number 616.07/56
245 00 - TITLE STATEMENT
Title Manual of molecular and clinical laboratory immunology
250 ## - EDITION STATEMENT
Edition statement 7th ed.
260 ## - PUBLICATION, DISTRIBUTION, ETC. (IMPRINT)
Place of publication Washington, D.C. :
Name of publisher ASM Press,
Year of publication c2006.
300 ## - PHYSICAL DESCRIPTION
Number of Pages xxvi, 1340 p. :
Other physical details ill. (some col.).
500 ## - GENERAL NOTE
General note Rev. ed. of: Manual of clinical laboratory immunology. 6th ed. c2002.
650 #0 - SUBJECT ADDED ENTRY--TOPICAL TERM
Topical Term Immunodiagnosis
Topical Term Immunology
Topical Term Molecular immunology
700 1# - ADDED ENTRY--PERSONAL NAME
Personal name Detrick, Barbara.
Personal name Hamilton, Robert G.
Personal name Folds, James D.
856 40 - ELECTRONIC LOCATION AND ACCESS
Uniform Resource Identifier http://site.ebrary.com/lib/rucke/Doc?id=10381780

No items available.

© 2026 Rongo University
Contact us: librarian | system librarian | Rongo university